Statistiques concernant Les personnages dans The Binding Of Isaac

Cliquez ici pour prendre le quiz!

Statistiques générales

  • Ce quiz a été pris 263 fois
  • Le résultat moyen est 14 sur 17

Statistiques - réponses

Personnages% Correct
Isaac
100%
Cain
95%
The lost
93%
Azazel
89%
Judas
89%
Blue Baby
82%
The Forgotten
80%
Keeper
79%
Eve
75%
Samson
75%
Bethany
74%
Lilith
74%
Eden
72%
Maggy
72%
Lazarus
70%
Jacob & Essau
69%
Apollyon
62%

Distribution des résultats

Percentile par nombre de réponses

% des personnes avec chaque résultat

Votre développement - résultats

Vous n’avez pas pris ce quiz